人が見える企業文化 : The humanization of Japanese corporations

Gardado en:
Detalles Bibliográficos
Autor Principal: 梅沢正(うめざわ ただし)
Formato: Libro
Idioma:Undetermined
Publicado: 東京 講談社 1990
Những chủ đề:
Các nhãn: Engadir etiqueta
Sen Etiquetas, Sexa o primeiro en etiquetar este rexistro!
Thư viện lưu trữ: Trung tâm Học liệu Trường Đại học Cần Thơ
LEADER 00569nam a2200193Ia 4500
001 CTU_95412
008 210402s9999 xx 000 0 und d
082 |a 658.8 
082 |b U51 
100 |a 梅沢正(うめざわ ただし) 
245 0 |a 人が見える企業文化 : 
245 4 |b The humanization of Japanese corporations 
245 0 |c 梅沢正 
260 |a 東京 
260 |b 講談社 
260 |c 1990 
650 |a Managerial economics,Business management 
904 |i Ngoc 
980 |a Trung tâm Học liệu Trường Đại học Cần Thơ